000
00294nam a2200109Ia 4500
008
220204s9999 xx 000 0 und d
082
_a
035
_b
MIS
100
_a
MISRA, Anand Swarup
245
0
_a
Officer's companion in administration and law
260
_a
Lucknow
_b
Eastern Book
_c
1975
942
_c
BK
999
_c
25932
_d
25932